00546nam a2200193 a 450000100060000000300080000600500170001400800410003103500190007204000230009104100080011408200260012210000200014824500390016826000580020730000250026550000200029065100420031058831BD-RjUL20211209080648.0161220r19721970ii 001 0 eng  a(BD-RjUL)58955 aDLCcDLCdDLCbeng aeng 223bKOP 1972a320.4541 aKothari, Rajni.10aPolitics in India /bRajni Kothari aNew Delhi :bOrient Longman,c1970 [ reprinted 1972 ] axv, 461 p. ;c22 cm. aIncludes index. 0aIndiaxPolitics and governmenty1947-